Statistiques concernant Coupes du monde de Football: Allemagne

Cliquez ici pour prendre le quiz!

Statistiques générales

  • Ce quiz a été pris 493 fois
    (258 depuis la dernière actualisation)
  • Le résultat moyen est 36 sur 48

Statistiques - réponses

Réponse% Correct
France
100%
Italie
99%
Brésil
98%
Argentine
97%
Espagne
97%
Suède
93%
Angleterre
92%
Corée du Sud
92%
Portugal
92%
Uruguay
92%
Japon
91%
Algérie
90%
Etats-Unis
90%
Mexique
90%
Pays-Bas
89%
URSS
87%
RF Yougoslavie
85%
Yougoslavie
85%
Costa Rica
83%
Belgique
81%
Croatie
79%
Ghana
79%
Pologne
79%
Suisse
79%
Chili
77%
Maroc
77%
Australie
76%
Hongrie
76%
Tchécoslovaquie
76%
Autriche
73%
Irlande
72%
Colombie
71%
Serbie
70%
Cameroun
67%
Arabie Saoudite
66%
Danemark
65%
Paraguay
63%
Pérou
63%
Turquie
63%
Bulgarie
62%
Tunisie
62%
Ecosse
60%
Equateur
60%
Iran
60%
Bolivie
51%
Irlande du Nord
45%
RDA
35%
Emirats Arabes Unis
21%

Distribution des résultats

Percentile par nombre de réponses

% des personnes avec chaque résultat

Votre développement - résultats

Vous n’avez pas pris ce quiz depuis la dernière actualisation